书目信息 |
| 题名: |
焊接脆性与腐蚀和安全
|
|
| 作者: | 束润涛 主编 | |
| 分册: | 第2辑 | |
| 出版信息: | 北京 中国石化出版社 2020.01 |
|
| 页数: | 294页 | |
| 开本: | 24cm | |
| 丛书名: | ||
| 单 册: | ||
| 中图分类: | TG405 , TG171 | |
| 科图分类: | ||
| 主题词: | 焊接--脆性--研究 , 腐蚀--研究 | |
| 电子资源: | ||
| ISBN: | 978-7-5114-5592-5 | |
| 000 | 01025nam0 2200265 450 | |
| 001 | 0102100420 | |
| 005 | 20210406091324.04 | |
| 010 | @a978-7-5114-5592-5@dCNY80.00 | |
| 100 | @a20200107d2020 em y0chiy50 ea | |
| 101 | 0 | @achi@deng |
| 102 | @aCN@b110000 | |
| 105 | @aa z 000yy | |
| 106 | @ar | |
| 200 | 1 | @a焊接脆性与腐蚀和安全@Ahan jie cui xing yu fu shi he an quan@h第2辑@f束润涛主编 |
| 210 | @a北京@c中国石化出版社@d2020.01 | |
| 215 | @a294页@c图@d24cm | |
| 312 | @a封面英文共同题名:Welding brittleness and corrosion and safety | |
| 330 | @a焊接脆性对工程项目和设备的直接危害就是使用寿命大幅降低,直接经济损失巨大,其潜在的安全隐患和直接的安全事故难以想象。本书收录了设备管理和综述类文章,以及由焊接脆性和材料脆性引发的腐蚀事故和安全隐患的案例分析,介绍了焊接新工艺、焊接新材料和焊接新设备。 | |
| 606 | 0 | @a焊接@x脆性@x研究 |
| 606 | 0 | @a腐蚀@x研究 |
| 690 | @aTG405@v5 | |
| 690 | @aTG171@v5 | |
| 701 | 0 | @a束润涛@Ashu run tao@4主编 |
| 801 | 0 | @aCN@bBJSZM@c20210402 |
| 905 | @b1275850-2@dTG405@e50:2@f3 | |
| 焊接脆性与腐蚀和安全.第2辑/束润涛主编.-北京:中国石化出版社,2020.01 |
| 294页:图;24cm |
| ISBN 978-7-5114-5592-5:CNY80.00 |
| 焊接脆性对工程项目和设备的直接危害就是使用寿命大幅降低,直接经济损失巨大,其潜在的安全隐患和直接的安全事故难以想象。本书收录了设备管理和综述类文章,以及由焊接脆性和材料脆性引发的腐蚀事故和安全隐患的案例分析,介绍了焊接新工艺、焊接新材料和焊接新设备。 |
| ● |
| 相关链接 |
|
|
|
|
正题名:焊接脆性与腐蚀和安全
索取号:TG405/50:2
 
预约/预借
| 序号 | 登录号 | 条形码 | 馆藏地/架位号 | 状态 | 备注 |
| 1 | 1275850 | 212758504 | 第二样本阅览室/ [索取号:TG405/50:2] | 在馆 | |
| 2 | 1275851 | 212758513 | 教育系资料室/ [索取号:TG405/50:2] | 在馆 | |
| 3 | 1275852 | 212758522 | 教育系资料室/ [索取号:TG405/50:2] | 在馆 |